BSOP header

A shopkeeper's millennium : (Record no. 42468)

MARC details
000 -LEADER
fixed length control field 00906cam a2200289 i 4500
001 - CONTROL NUMBER
control field 4154888
005 - DATE AND TIME OF LATEST TRANSACTION
control field 20180607160413.0
008 - FIXED-LENGTH DATA ELEMENTS--GENERAL INFORMATION
fixed length control field 780905s1978 nyub b 001 0 eng
010 ## - LIBRARY OF CONGRESS CONTROL NUMBER
LC control number 78010533
020 ## - INTERNATIONAL STANDARD BOOK NUMBER
International Standard Book Number 0809086549
-- 0809001365
040 ## - CATALOGING SOURCE
Original cataloging agency DLC
Transcribing agency DLC
Modifying agency DLC
043 ## - GEOGRAPHIC AREA CODE
Geographic area code n-us-ny
100 1# - MAIN ENTRY--PERSONAL NAME
Personal name Johnson, Paul E.,
Dates associated with a name 1942-
245 12 - TITLE STATEMENT
Title A shopkeeper's millennium :
Remainder of title society and revivals in Rochester, New York, 1815-1837 /
Statement of responsibility, etc Paul E. Johnson.
250 ## - EDITION STATEMENT
Edition statement 1st ed.
260 ## - PUBLICATION, DISTRIBUTION, ETC. (IMPRINT)
Place of publication, distribution, etc New York :
Name of publisher, distributor, etc Hill and Wang,
Date of publication, distribution, etc c1978.
300 ## - PHYSICAL DESCRIPTION
Extent ix, 210 p. :
Other physical details maps ;
Dimensions 22 cm.
336 ## - CONTENT TYPE
Content Type Term text
337 ## - MEDIA TYPE
Media Type Term unmediated
338 ## - CARRIER TYPE
Carrier Type Term volume
490 0# - SERIES STATEMENT
Series statement American century series
504 ## - BIBLIOGRAPHY, ETC. NOTE
Bibliography, etc Includes bibliographical references and index.
650 #0 - SUBJECT ADDED ENTRY--TOPICAL TERM
Topical term or geographic name as entry element Revivals
Geographic subdivision New York (State)
-- Rochester.
651 #0 - SUBJECT ADDED ENTRY--GEOGRAPHIC NAME
Geographic name Rochester (N.Y.)
General subdivision History.
651 #0 - SUBJECT ADDED ENTRY--GEOGRAPHIC NAME
Geographic name Rochester (N.Y.)
General subdivision Church history.
942 ## - ADDED ENTRY ELEMENTS (KOHA)
Source of classification or shelving scheme Library of Congress Classification
Item type Books
Holdings
Withdrawn status Lost status Source of classification or shelving scheme Damaged status Not for loan Home library Current library Shelving location Date acquired Source of acquisition Inventory number Total Checkouts Full call number Barcode Date last seen Price effective from Koha item type
    Library of Congress Classification     BSOP Library BSOP Library GC 06/07/2018 Donation by Drs. George and Anne Harper 41692   BV3775 J63 1978 00052692 06/07/2018 06/07/2018 Books
BSOP

Biblical Seminary of the Philippines
  All rights Reserved
  © 2024

CONTACT INFORMATION

Biblical Seminary of the Philippines,
  77-B Karuhatan Road, Valenzuela City,
  PHILIPPINES 1441
  Phone: +632 8292-6795 / 8292-6798
  Fax : +632 8292-6675
  Email: library@bsop.edu.ph